| 000 | 01273nas0a22003011i 4500 | ||
|---|---|---|---|
| 001 | RU\NLR\DRGNLR\1250 | ||
| 005 | 20240729012445.0 | ||
| 035 | _a(NLR Aleph) 010309821 | ||
| 090 |
_a10633161 _c10633161 |
||
| 100 | _a20080514b1906 u y0rusy50 ca | ||
| 101 | 0 | _arus | |
| 102 | _aRU | ||
| 110 | _acya|||||||| | ||
| 200 | 1 |
_aДевятый вал _eЕжедн. газ. _fРед.-изд. Т.А.Палавандова |
|
| 210 |
_aТифлис _d1906, 1 июня - 3 июня |
||
| 311 | _aС 17 по 18 мая 1906 изд. газ. "Огни" (см. ); С 6 июня 1906 изд. газ. "<Народ>" (см. ) | ||
| 488 | 0 |
_1001RU\NLR\DRGNLR\3296 _12001#$aОгни$eЕжедн. изд.$fРед.-изд. П.З.Насидзе _910639962 _cТифлис _d1906, 17 мая - [18 мая] _fРед.-изд. П.З.Насидзе _oЕжедн. изд. _tОгни |
|
| 540 | 1 | _aДевятый вал | |
| 702 | 1 |
_aПалавандова _bТам. Ал-др. _4340 |
|
| 801 | 0 |
_aRU _bNLR _c20080514 _gPSBO _2gzdor_isis |
|
| 801 | 2 |
_aRU _bNLR _c20080514 _gPSBO _2rusmarc |
|
| 852 |
_aNLR _j1-Р/2-Ти-9 |
||
| 942 | _cNEWSPAPER | ||
| 980 | _aDRG | ||